000 00232nam a2200097Ia 4500
008 120527s9999 xx 000 0 und d
100 _aMORGAN and CARTER
245 _aInvestigating Biology
260 _bBergamin Cumming
942 _cBK
999 _c25581
_d25581